<?xml version="1.0" encoding="UTF-8"?>
<record
    xmlns:xsi="http://www.w3.org/2001/XMLSchema-instance"
    xsi:schemaLocation="http://www.loc.gov/MARC21/slim http://www.loc.gov/standards/marcxml/schema/MARC21slim.xsd"
    xmlns="http://www.loc.gov/MARC21/slim">

  <leader>00326nam a22001217a 4500</leader>
  <controlfield tag="008">200130b           ||||| |||| 00| 0 eng d</controlfield>
  <datafield tag="020" ind1=" " ind2=" ">
    <subfield code="a">9788120344679</subfield>
  </datafield>
  <datafield tag="082" ind1=" " ind2=" ">
    <subfield code="a">006.68</subfield>
    <subfield code="b">ATB</subfield>
  </datafield>
  <datafield tag="100" ind1=" " ind2=" ">
    <subfield code="a">ATKINSON,Cliff</subfield>
  </datafield>
  <datafield tag="245" ind1=" " ind2=" ">
    <subfield code="a">Beyond bullet points:Using Microsoft power point</subfield>
  </datafield>
  <datafield tag="250" ind1=" " ind2=" ">
    <subfield code="a">3th</subfield>
  </datafield>
  <datafield tag="260" ind1=" " ind2=" ">
    <subfield code="a">New Delhi</subfield>
    <subfield code="b">PHI Learning</subfield>
    <subfield code="c">2012</subfield>
  </datafield>
  <datafield tag="999" ind1=" " ind2=" ">
    <subfield code="c">8437</subfield>
    <subfield code="d">8437</subfield>
  </datafield>
  <datafield tag="952" ind1=" " ind2=" ">
    <subfield code="0">0</subfield>
    <subfield code="1">0</subfield>
    <subfield code="2">ddc</subfield>
    <subfield code="4">0</subfield>
    <subfield code="6">006_680000000000000_ATB</subfield>
    <subfield code="7">0</subfield>
    <subfield code="8">BCA</subfield>
    <subfield code="9">48843</subfield>
    <subfield code="a">PIET</subfield>
    <subfield code="b">PIET</subfield>
    <subfield code="d">2020-01-30</subfield>
    <subfield code="e">KIRTI PRAKASHAN</subfield>
    <subfield code="f">IN Rupees</subfield>
    <subfield code="g">350.00</subfield>
    <subfield code="k">IN 6149</subfield>
    <subfield code="l">0</subfield>
    <subfield code="o">006.68 ATB</subfield>
    <subfield code="p">BC1363</subfield>
    <subfield code="r">2020-01-30 00:00:00</subfield>
    <subfield code="v">234.00</subfield>
    <subfield code="w">2020-01-23</subfield>
    <subfield code="y">BK</subfield>
  </datafield>
  <datafield tag="952" ind1=" " ind2=" ">
    <subfield code="0">0</subfield>
    <subfield code="1">0</subfield>
    <subfield code="2">ddc</subfield>
    <subfield code="4">0</subfield>
    <subfield code="6">006_680000000000000_ATB</subfield>
    <subfield code="7">0</subfield>
    <subfield code="8">BCA</subfield>
    <subfield code="9">48844</subfield>
    <subfield code="a">PIET</subfield>
    <subfield code="b">PIET</subfield>
    <subfield code="d">2020-01-30</subfield>
    <subfield code="e">KIRTI PRAKASHAN</subfield>
    <subfield code="f">IN Rupees</subfield>
    <subfield code="g">350.00</subfield>
    <subfield code="k">IN 6149</subfield>
    <subfield code="l">0</subfield>
    <subfield code="o">006.68 ATB</subfield>
    <subfield code="p">BC1364</subfield>
    <subfield code="r">2020-01-30 00:00:00</subfield>
    <subfield code="v">234.00</subfield>
    <subfield code="w">2020-01-23</subfield>
    <subfield code="y">BK</subfield>
  </datafield>
  <datafield tag="952" ind1=" " ind2=" ">
    <subfield code="0">0</subfield>
    <subfield code="1">0</subfield>
    <subfield code="2">ddc</subfield>
    <subfield code="4">0</subfield>
    <subfield code="6">006_680000000000000_ATB</subfield>
    <subfield code="7">0</subfield>
    <subfield code="8">BCA</subfield>
    <subfield code="9">48845</subfield>
    <subfield code="a">PIET</subfield>
    <subfield code="b">PIET</subfield>
    <subfield code="d">2020-01-30</subfield>
    <subfield code="e">KIRTI PRAKASHAN</subfield>
    <subfield code="f">IN Rupees</subfield>
    <subfield code="g">350.00</subfield>
    <subfield code="k">IN 6149</subfield>
    <subfield code="l">0</subfield>
    <subfield code="o">006.68 ATB</subfield>
    <subfield code="p">BC1365</subfield>
    <subfield code="r">2020-01-30 00:00:00</subfield>
    <subfield code="v">234.00</subfield>
    <subfield code="w">2020-01-23</subfield>
    <subfield code="y">BK</subfield>
  </datafield>
  <datafield tag="952" ind1=" " ind2=" ">
    <subfield code="0">0</subfield>
    <subfield code="1">0</subfield>
    <subfield code="2">ddc</subfield>
    <subfield code="4">0</subfield>
    <subfield code="6">006_680000000000000_ATB</subfield>
    <subfield code="7">0</subfield>
    <subfield code="8">BCA</subfield>
    <subfield code="9">48846</subfield>
    <subfield code="a">PIET</subfield>
    <subfield code="b">PIET</subfield>
    <subfield code="d">2020-01-30</subfield>
    <subfield code="e">KIRTI PRAKASHAN</subfield>
    <subfield code="f">IN Rupees</subfield>
    <subfield code="g">350.00</subfield>
    <subfield code="k">IN 6149</subfield>
    <subfield code="l">0</subfield>
    <subfield code="o">006.68 ATB</subfield>
    <subfield code="p">BC1366</subfield>
    <subfield code="r">2020-01-30 00:00:00</subfield>
    <subfield code="v">234.00</subfield>
    <subfield code="w">2020-01-23</subfield>
    <subfield code="y">BK</subfield>
  </datafield>
  <datafield tag="952" ind1=" " ind2=" ">
    <subfield code="0">0</subfield>
    <subfield code="1">0</subfield>
    <subfield code="2">ddc</subfield>
    <subfield code="4">0</subfield>
    <subfield code="6">006_680000000000000_ATB</subfield>
    <subfield code="7">0</subfield>
    <subfield code="8">BCA</subfield>
    <subfield code="9">48847</subfield>
    <subfield code="a">PIET</subfield>
    <subfield code="b">PIET</subfield>
    <subfield code="d">2020-01-30</subfield>
    <subfield code="e">KIRTI PRAKASHAN</subfield>
    <subfield code="f">IN Rupees</subfield>
    <subfield code="g">350.00</subfield>
    <subfield code="k">IN 6149</subfield>
    <subfield code="l">0</subfield>
    <subfield code="o">006.68 ATB</subfield>
    <subfield code="p">BC1367</subfield>
    <subfield code="r">2020-01-30 00:00:00</subfield>
    <subfield code="v">234.00</subfield>
    <subfield code="w">2020-01-23</subfield>
    <subfield code="y">BK</subfield>
  </datafield>
</record>
